Srinivasa Ramanujan/ (Record no. 173087)

MARC details
000 -LEADER
fixed length control field 00518nam a22001937a 4500
005 - DATE AND TIME OF LATEST TRANSACTION
control field 20200218125219.0
010 ## - LCCN (DPL NO)
LC control number ENG-127861
020 ## - INTERNATIONAL STANDARD BOOK NUMBER
Terms of availability 795.00
International Standard Book Number 9789380959115
035 ## - SYSTEM CONTROL NUMBER
System control number EN-111393
037 ## - SOURCE OF ACQUISITION
Source of stock number/acquisition DBAD/PUB
082 ## - DEWEY DECIMAL CLASSIFICATION NUMBER
Classification number 920
100 ## - MAIN ENTRY--PERSONAL NAME
Personal name Manoj Singh
245 ## - TITLE STATEMENT
Title Srinivasa Ramanujan/
Statement of responsibility, etc by Manoj Singh
260 ## - PUBLICATION, DISTRIBUTION, ETC. (IMPRINT)
Place of publication, distribution, etc Delhi
Date of publication, distribution, etc 2019
Name of publisher, distributor, etc Akshay Books
270 ## - ADDRESS
Address 315 Hari Nagar Ashram
Postal code 110014
City Delhi
300 ## - PHYSICAL DESCRIPTION
Extent 200p.
Other physical details 23cm(pbk)
500 ## - GENERAL NOTE
General note Includes Bibliography and Index
942 ## - ADDED ENTRY ELEMENTS (KOHA)
Source of classification or shelving scheme Dewey Decimal Classification
Item type English Books
Classification part MAN
Call number prefix 920
Holdings
Withdrawn status Lost status Not for loan Collection code Home library Current library Date acquired Source of acquisition Cost, normal purchase price Full call number Barcode Copy number Cost, replacement price Koha item type
      Non-fiction Central Library Central Library 18/02/2020 DBAD/PUB 795.00 MAN EN-111393 1 795.00 English Books

© Delhi Public Library
Hit Counter
free hit counter